000 00843nas a2200265Ia 4500
001 A50/R101-3988 [r000001109]
003 IT-MiCISF
008 161014c99999999xx |||||||||||| ||und||
040 _aIT-MiCISF
_cIT-MiCISF
041 _aITALIANO
100 _aDavanzo Guido
210 _aRivista di teologia morale
222 _aRivista di teologia morale
245 0 _aQuale fede per il matrimonio sacramento?
250 _a1a ed.
260 _c1982
501 _bCISF - Centro Internazionale Studi Famiglia - Via Giotto, 36 20145 MILANO (non commercial uses only)
_cCopyright 2016
300 _app. 109-114
362 _a53, gen-mar. [1982]
500 _a Tema: matrimonio, matrimonio-sacramento, diritto-canonico, coniugi
650 _amatrimonio
_varticolo
700 _aAA.VV.
942 _cCR
957 _71
999 _a3988
_bSi
_g1
_c223027
_d223027